00858nam a2200205 a 4500001001000000003000500010005001700015008004100032010001100073011001100084040000900095100003100104245014900135260004100284500006000325502012500385650003900510650003300549856007000582000115784CHAP20220329144548.0190704s2018 mx a sm |||||||spa d a112245 a113217 cCHAP1 aLibrado de la Cruz, Oyuki.10aMicroelementos y metales pesados en suelos agrícolas de Coatepec Harinas del Estado de México /h[En línea]cpor Oyuki Librado de la Cruz. aChapingo, Méx. :bEl autor,c2018. aPara ver el contenido del material haga clic en la liga aTesis (Ing. Agr. Fitotecnista) -- Colegio Superior Agropecuario del Estado de Guerrero. Centro de Estudios Profesionales14aMetales pesadosxEfecto en suelos.14aSuelosxElementos minerales. aFinding aiduhttp://10.13.5.2/tesis/sist115784.pdfzTeclea aquí